Povodňové situácie v roku 2019 na Slovensku

Zhodnotenie výstrah na nebezpečenstvo povodne na území Slovenska v roku 2019. Snehové pomery na Slovensku v zime 2018/2019. Povodňové udalosti v čiastkových povodiach SR. Ľadové povodne. Povodne z trvalého dažďa. Povodne z búrok - prívalové povodne.

Saved in:
Bibliographic Details
Main Author: Lešková, Danica
Format: Book Chapter
Language:Slovak
Subjects:
Tags: Add Tag
No Tags, Be the first to tag this record!

MARC

LEADER 00000naa a2200000 4500
001 0263739
005 20200603150633.0
041 0 |a slo 
044 |a SK 
245 1 0 |a Povodňové situácie v roku 2019 na Slovensku  |c Danica Lešková 
520 |a Zhodnotenie výstrah na nebezpečenstvo povodne na území Slovenska v roku 2019. Snehové pomery na Slovensku v zime 2018/2019. Povodňové udalosti v čiastkových povodiach SR. Ľadové povodne. Povodne z trvalého dažďa. Povodne z búrok - prívalové povodne. 
610 2 0 |a povodne 
610 2 0 |a rieky 
610 2 0 |a regióny 
610 2 0 |a zrážky vodné 
610 2 0 |a analýzy 
610 2 0 |a hydrometeorológia 
610 2 0 |a Slovensko 
100 1 |a Lešková, Danica